00646nam a2200193Ia 4500003000400000005001700004008004100021040000700062041000800069082002100077100003100098245004300129260005400172365001300226906004200239942001200281999001900293952014000312OSt20230530153733.0210423s2002 xx 000 0 und d cAL aeng a303.372 BAGI223 aBAGCHI (Santance).9117265 aIdeas on socialism and social justice. aNew DelhibKanishka Publishers Distributorsc2002 b495cINR aIdeas ; justice. ; social ; socialism 2ddccBK c173648d173648 001040708MSWaSACPGbSACPGd2003-02-06eSaraswathi Publisherg495.00l0o303.372 BAGIpPG020259r2022-08-24 00:00:00w2021-04-26yBK